Score 0/29 Timer 15:00
0 Plays Today
% Correct
1
69.7%
1
60.6%
1
60.6%
23
42.4%
4
39.4%
5
36.4%
18
36.4%
23
36.4%
23
36.4%
23
33.3%
23
33.3%
23
30.3%
11
21.2%
18
18.2%
18
18.2%
% Correct
18
18.2%
11
18.2%
18
15.2%
11
12.1%
29
12.1%
14
9.1%
14
9.1%
9
9.1%
6
9.1%
17
6.1%
10
6.1%
8
6.1%
15
3%
7
3%
Remove Ads.
Support Sporcle.
Get the best of Sporcle when you Go Orange. This ad-free experience offers more features, more stats, and more fun while also helping to support Sporcle. Thank you for becoming a member.

You're not logged in!

Compare scores with friends on all Sporcle quizzes.
OR
Log In

Show Comments

Extras

Created Jan 4, 2015ReportNominate
Tags:Clickable Quiz, join, omega, Order, staff

Top Quizzes Today


Score Distribution

Your Account Isn't Verified!

In order to create a playlist on Sporcle, you need to verify the email address you used during registration. Go to your Sporcle Settings to finish the process.

Report this User

Report this user for behavior that violates our Community Guidelines.

Details: